书目信息 |
| 题名: |
闽江口生态环境与渔业资源
|
|
| 作者: | 康斌, 著 | |
| 分册: | ||
| 出版信息: | 北京 中国农业出版社 2018.12 |
|
| 页数: | 189页 | |
| 开本: | 27cm | |
| 丛书名: | 中国河口海湾水生生物资源与环境出版工程 | |
| 单 册: | ||
| 中图分类: | X171.1 , S937.3 | |
| 科图分类: | ||
| 主题词: | ||
| 电子资源: | ||
| ISBN: | 978-7-109-24736-9 | |
| 000 | 01268nam 2200301 450 | |
| 001 | 202019133619 | |
| 005 | 20190921113345.0 | |
| 010 | @a978-7-109-24736-9@b精装@dCNY98.00 | |
| 100 | @a20190918d2018 em y0chiy50 ea | |
| 101 | 0 | @achi |
| 102 | @aCN@b110000 | |
| 105 | @aak a 000yy | |
| 106 | @ar | |
| 200 | 1 | @a闽江口生态环境与渔业资源@Amin jiang kou sheng tai huan jing yu yu ye zi yuan@f康斌等著 |
| 210 | @a北京@c中国农业出版社@d2018.12 | |
| 215 | @a189页@c图@d27cm | |
| 225 | 2 | @a中国河口海湾水生生物资源与环境出版工程@Azhong guo he kou hai wan shui sheng sheng wu zi yuan yu huan jing chu ban gong cheng |
| 300 | @a国家出版基金项目 “十三五”国家重点图书出版规划项目 | |
| 314 | @a康斌, 中国海洋大学教授, 博士生导师。 | |
| 320 | @a有书目 (第180-189页) | |
| 330 | @a本书以课题组开展的闽江口渔业资源调查为主题, 内容涉及闽江口自然环境, 生物资源尤其是渔业资源的历史变化过程及现状评估, 尤其着重于主要渔获物的生物学特性研究, 并阐述了资源所受威胁及管理的措施。 | |
| 410 | 0 | @12001 @a中国河口海湾水生生物资源与环境出版工程 |
| 607 | @a闽江@Amin jiang@x河口@x生态环境@x关系@x水产资源@x研究 | |
| 690 | @aX171.1@v5 | |
| 690 | @aS937.3@v5 | |
| 701 | 0 | @a康斌,@Akang bin@f1975-@4著 |
| 801 | 0 | @aCN@c20190905 |
| 905 | @a河南城建学院图书馆@dX171.1@eK235 | |
| 闽江口生态环境与渔业资源/康斌等著.-北京:中国农业出版社,2018.12 |
| 189页:图;27cm.-(中国河口海湾水生生物资源与环境出版工程) |
| 国家出版基金项目 “十三五”国家重点图书出版规划项目 |
| ISBN 978-7-109-24736-9(精装):CNY98.00 |
| 本书以课题组开展的闽江口渔业资源调查为主题, 内容涉及闽江口自然环境, 生物资源尤其是渔业资源的历史变化过程及现状评估, 尤其着重于主要渔获物的生物学特性研究, 并阐述了资源所受威胁及管理的措施。 |
| ● |
| 相关链接 |
|
|
|
正题名:闽江口生态环境与渔业资源
索取号:X171.1/K235
 
预约/预借
| 序号 | 登录号 | 条形码 | 馆藏地/架位号 | 状态 | 备注 |
| 1 | 1440858 | 214408586 | 市政与环境工程学院资料室/501自科库 63排3列3层/ [索取号:X171.1/K235] | 在馆 | |
| 2 | 1440859 | 214408595 | 市政与环境工程学院资料室/501自科库 63排3列3层/ [索取号:X171.1/K235] | 在馆 | |
| 3 | 1440860 | 214408602 | 市政与环境工程学院资料室/501自科库 63排3列3层/ [索取号:X171.1/K235] | 在馆 | |
| 4 | 1440861 | 214408611 | 自科库501/501自科库 63排3列3层/ [索取号:X171.1/K235] | 在馆 |